000 00423nam a2200193Ia 4500
003 OSt
005 20251110115239.0
008 250729s2003 xx 000 0 und d
020 _a9788128000560
040 _cAL
041 _aeng
082 _a500 JOSA
100 _aJoseph Mary
_9224091
245 _aAlfred Nobel
260 _aNew Delhi
_c2003
300 _a48p
650 _aScience
_9224092
942 _2ddc
_cBED
999 _c236239
_d236239